Europese Hoofdsteden - Sudden Death - Statistieken

Algemene statistieken
  • Deze quiz is 11.866 keer genomen
  • De gemiddelde score is 12 van 24
Answers on the Grid
Answers color-coded by a green-red scale on the quiz's grid according to % correct below.
Antwerpen
Athene
Basel
Belgrado
Bern
Boedapest
Brno
Chișinău
Constanța
Dublin
Glasgow
Gothenburg
Hamburg
Helsinki
Heraklion
Istanbul
Keulen
Kopenhagen
Krakau
Ljubljana
Londen
Luxemburg
Marseille
Milaan
Minsk
München
Podgorica
Porto
Reykjavík
Rotterdam
Sarajevo
Sofia
Split
St. Petersburg
Stockholm
Tallinn
Tirana
Vaduz
Valletta
Venetië
Vilnius
Volgograd
Wenen
Zagreb
Zürich
 
Antwoordstatistieken
Antwoord % Correct
Athene
88%
Boedapest
79%
Dublin
72%
Helsinki
62%
Belgrado
61%
Bern
61%
Kopenhagen
56%
Londen
56%
Luxemburg
53%
Ljubljana
51%
Stockholm
49%
Wenen
49%
Sofia
48%
Reykjavík
46%
Zagreb
46%
Tallinn
44%
Chișinău
43%
Minsk
43%
Vilnius
43%
Sarajevo
42%
Tirana
42%
Valletta
38%
Vaduz
36%
Podgorica
34%
Geen overeenkomende quizzen gevonden
Scoreverdeling
Procent van Mensen met Elke Score
Percentiel versus Aantal Correcte Antwoorden
Uw Scoregeschiedenis
U heeft deze quiz nog niet genomen